000 00559nam a2200217 a 4500
001 0001-2076
003 ELIB.Books
008 190722 2010 eng
020 _a9715118135
092 _aB
_bHat
100 _aHattaway, Paul.
245 _aThe Heavenly Man
260 _aManila, Singapore
_bOMF Liturature INC., Monarch Books
_c2004
300 _a351
_c19.5cm
650 _aBiography
856 _nKBTS Library
_uKBTS Elib
942 _2ddc
_cBK
990 _a2
998 _aEnglishbooks.elf
_ccat
_e2019-07-22
999 _c12076
_d12076